Famosos Hinchas de River #2 - Estadísticas

Estadísticas generales
  • Esta prueba ha sido intentada 19 veces
  • La puntuación promedio es 13 de 24
Estadísticas de respuestas
Imagen Respuesta % Correcto
Nati Jota
83%
Pablo Lunati
83%
Jorge Rial
78%
Florencia Peña
67%
Jonatan Viale
67%
Luis Scola
67%
Fede Bal
61%
Mariano Iudica
61%
Matias Martin
61%
Sol Pérez
61%
Francisco Cerúndolo
56%
Grego Rosello
56%
Natalie Pérez
56%
Alejandra Maglietti
50%
Juan Minujin
50%
Pablo Rago
50%
Christian Martin
44%
Guido Kaczka
44%
Santiago Cafiero
44%
Hernán Drago
39%
Mercedes Morán
39%
Abel Ayala
22%
David Lebón
22%
Mikki Lusardi
6%
No se encontraron pruebas coincidentes
Distribución de puntuación
Porcentaje de gente con cada puntuación
Porcentaje por número respondido
Historial de tus puntuaciones
No has intentado esta prueba.